00490nam a2200157Ia 4500001001000000003000500010008004100015010001100056040000900067100001900076245008800095260006300183300001000246440004200256650003400298Para_4582CHAP220125s1940 xx 000 0 und d a203063 cCHAP aThomas, C. A. aThe biology and control of wireworms :b review of the literature /c C. A. Thomas aUniversity Park, Penn. :b Agriculture Experiment Station a90 p. aPennsylvania Agr. Exp. Sta. Bull; 392 aElateridae Control de plagas